| 000 | 01337cam a22003014a 4500 | ||
|---|---|---|---|
| 999 |
_c1378 _d1378 |
||
| 001 | 14906034 | ||
| 003 | GBCCL | ||
| 005 | 20241126110400.0 | ||
| 008 | 070627s2007 miu b 000 0 eng | ||
| 010 | _a 2007026923 | ||
| 020 | _a9780825427657 | ||
| 040 |
_aDLC _cDLC _dDLC |
||
| 050 | 0 | 0 |
_aBS1430.52 _b.F86 2007 |
| 082 | 0 | 0 |
_a223.206 _222 _bFUT |
| 100 | 1 |
_aFutato, Mark David. _92720 |
|
| 245 | 1 | 0 |
_aInterpreting the Psalms : _ban exegetical handbook / _cMark D. Futato ; David M. Howard, editor. |
| 260 |
_aGrand Rapids, MI : _bKregel Publications, _cc2007. |
||
| 300 |
_a234 p. ; _c23 cm. |
||
| 440 |
_aHandbooks for Old Testament exegesis. _914482 |
||
| 504 | _aIncludes bibliographical references. | ||
| 505 | 0 | _aAppreciating the poetry -- Getting the big picture -- Grasping the themes -- Preparing for interpretation -- Interpreting the categories -- Proclaiming the Psalms -- Practicing the principles. | |
| 630 | 0 | 0 |
_aBible. _pPsalms _xCriticism, interpretation, etc. _92721 |
| 700 | 1 |
_aHoward, David M. _9554 |
|
| 856 | 4 | 1 |
_3Table of contents only _uhttp://www.loc.gov/catdir/toc/ecip0721/2007026923.html |
| 906 |
_a7 _bcbc _corignew _d1 _eecip _f20 _gy-gencatlg |
||
| 942 |
_2ddc _cBK _07 |
||